Tutti gli Stati che hanno controllato Istanbul - Statistics

Statistiche generali
  • Questo quiz è stato fatto 25 volte
    9 dall'ultimo reset
  • Il punteggio medio è 12 su 15
Statistiche sulle risposte
con Immagini Hint Risposta % Corretto
196 - 395 Impero Romano
100%
1923 - Oggi Repubblica Turca
100%
395 - 1204 Impero Bizantino
86%
1261 - 1453 Impero Bizantino
86%
342 a.C. - 323 a.C. Impero Macedone
86%
1453 - 1918 Impero Ottomano
86%
667 a.C. - 513 a.C. Polis di Bisanzio
86%
478 a.C. - 411 a.C. Polis di Bisanzio
86%
408 a.C. - 342 a.C. Polis di Bisanzio
86%
323 a.C. - 196 Polis di Bisanzio
86%
513 a.C. - 478 a.C. Impero Achemenide
71%
342 a.C. - 331 a.C. Regno di Macedonia
71%
1918 - 1923 Occupazione di Costantinopoli da parte degli Alleati (UK, Francia, Italia, Grecia)
57%
411 a.C. - 408 a.C. Polis di Sparta
57%
1204 - 1261 Impero Latino
43%
Nessun quiz corrispondente trovato
Distribuzione punteggi
Percentuale di utenti per punteggio
Percentile per numero di risposta
I tuoi punteggi nel tempo
Non hai fatto questo quiz dall'ultimo reset